Guess the Hozier song #3 - Statistics

General Stats
  • This quiz has been taken 20 times
  • The average score is 143 of 325
Answer Stats
Answer % Correct
I
100%
a
89%
to
84%
you
84%
love
79%
me,
79%
me
79%
the
79%
when
79%
do
68%
he
68%
and
63%
be
63%
be,
63%
hear
63%
for
58%
my
58%
your
58%
in
53%
In
53%
take
53%
all
47%
at
47%
But
47%
Go
47%
If
47%
if
47%
on
47%
so
47%
then
47%
wanna
47%
as
42%
Come
42%
don't
42%
dont
42%
Don't
42%
ever
42%
everything
42%
of
42%
this
42%
was
42%
anything
37%
anything,
37%
his
37%
just
37%
live
37%
one
37%
out
37%
say
37%
would
37%
here
32%
I'm
32%
or
32%
run
32%
you'd
32%
day
26%
had
26%
I'd
26%
like
26%
look
26%
Look
26%
Look,
26%
thing
26%
another
21%
away
21%
cause
21%
forever
21%
last
21%
over
21%
way,
21%
way
21%
yeah,
21%
yeah.
21%
yeah
21%
yet,
21%
anybody
16%
get
16%
hand
16%
hundred
16%
moving
16%
sunlight,
16%
thousand
16%
together
16%
wouldn't
16%
behind
11%
body
11%
bright
11%
fly
11%
hooves
11%
job
11%
quick
11%
sees
11%
shadow
11%
stampede
11%
thunder
11%
touches
11%
water
11%
wish
11%
world
11%
better
5%
cliffside
5%
crashing
5%
drought
5%
fit
5%
flood,
5%
future's
5%
Hey,
5%
hey,
5%
hey
5%
joys
5%
kick
5%
Liffey
5%
loud,
5%
lower
5%
mayfly
5%
Mississippi
5%
perfect
5%
pleasures
5%
rainstick
5%
riptide,
5%
River
5%
seismic
5%
settle
5%
shopping
5%
shot,
5%
single
5%
sitting
5%
soft
5%
stone
5%
swap
5%
talking
5%
Tay
5%
top
5%
trolley
5%
wave
5%
Worry
5%
No matching quizzes found
Score Distribution
Percent of People with Each Score
Percentile by Number Answered
Your Score History
You have not taken this quiz